<?xml version="1.0" encoding="UTF-8"?>
<record
    xmlns:xsi="http://www.w3.org/2001/XMLSchema-instance"
    xsi:schemaLocation="http://www.loc.gov/MARC21/slim http://www.loc.gov/standards/marcxml/schema/MARC21slim.xsd"
    xmlns="http://www.loc.gov/MARC21/slim">

  <leader>01409nam a22002897a 4500</leader>
  <datafield tag="999" ind1=" " ind2=" ">
    <subfield code="c">73996</subfield>
    <subfield code="d">73996</subfield>
  </datafield>
  <controlfield tag="005">20190108105131.0</controlfield>
  <datafield tag="010" ind1=" " ind2=" ">
    <subfield code="a">B-492816   B-524231       B-713041</subfield>
  </datafield>
  <datafield tag="020" ind1=" " ind2=" ">
    <subfield code="c">399.00</subfield>
    <subfield code="a">9781612680194</subfield>
  </datafield>
  <datafield tag="035" ind1=" " ind2=" ">
    <subfield code="a">B-492816   </subfield>
  </datafield>
  <datafield tag="035" ind1=" " ind2=" ">
    <subfield code="a">B-524231</subfield>
  </datafield>
  <datafield tag="035" ind1=" " ind2=" ">
    <subfield code="a">B-713041</subfield>
  </datafield>
  <datafield tag="035" ind1=" " ind2=" ">
    <subfield code="a">B-713057</subfield>
  </datafield>
  <datafield tag="037" ind1=" " ind2=" ">
    <subfield code="b">UBH / VEN</subfield>
  </datafield>
  <datafield tag="037" ind1=" " ind2=" ">
    <subfield code="b">RK Books</subfield>
  </datafield>
  <datafield tag="082" ind1=" " ind2=" ">
    <subfield code="a">320.024</subfield>
  </datafield>
  <datafield tag="100" ind1=" " ind2=" ">
    <subfield code="a">Kiyosaki, Robert T.</subfield>
  </datafield>
  <datafield tag="245" ind1=" " ind2=" ">
    <subfield code="a">Rich dad poor dad /</subfield>
    <subfield code="c">by Robert T. Kiyosaki</subfield>
  </datafield>
  <datafield tag="260" ind1=" " ind2=" ">
    <subfield code="a">Scottsdale, AZ</subfield>
    <subfield code="b">Plata Publishing</subfield>
    <subfield code="c">2017</subfield>
  </datafield>
  <datafield tag="270" ind1=" " ind2=" ">
    <subfield code="a">4330 N. Civic Center Plaza, Suite 100</subfield>
    <subfield code="b">Scottsdale, AZ</subfield>
    <subfield code="e">(480)9986971</subfield>
  </datafield>
  <datafield tag="300" ind1=" " ind2=" ">
    <subfield code="a">250p.</subfield>
    <subfield code="a">351p.</subfield>
    <subfield code="c">17cm(pbk)</subfield>
  </datafield>
  <datafield tag="500" ind1=" " ind2=" ">
    <subfield code="a">What the rich teach their kids about money- that the poor and middle class do not</subfield>
  </datafield>
  <datafield tag="942" ind1=" " ind2=" ">
    <subfield code="2">ddc</subfield>
    <subfield code="c">EN</subfield>
    <subfield code="h">320.024</subfield>
    <subfield code="m">KIY</subfield>
  </datafield>
  <datafield tag="952" ind1=" " ind2=" ">
    <subfield code="0">0</subfield>
    <subfield code="1">5</subfield>
    <subfield code="4">0</subfield>
    <subfield code="7">0</subfield>
    <subfield code="8">NFIC</subfield>
    <subfield code="a">ZLS</subfield>
    <subfield code="b">ZLS</subfield>
    <subfield code="d">2013-03-23</subfield>
    <subfield code="e">UBH/254/26.2.13/DPL/ZLS/RP/2012-13/3/847/21.2.13/26.2.13/1.3.13 </subfield>
    <subfield code="g">400.00</subfield>
    <subfield code="l">0</subfield>
    <subfield code="o">332.024 KIY</subfield>
    <subfield code="p">B-492816</subfield>
    <subfield code="r">2013-03-23 00:00:00</subfield>
    <subfield code="t">1</subfield>
    <subfield code="v">400.00</subfield>
    <subfield code="y">EN</subfield>
  </datafield>
  <datafield tag="952" ind1=" " ind2=" ">
    <subfield code="0">0</subfield>
    <subfield code="1">0</subfield>
    <subfield code="2">ddc</subfield>
    <subfield code="4">0</subfield>
    <subfield code="7">0</subfield>
    <subfield code="8">NFIC</subfield>
    <subfield code="a">SP</subfield>
    <subfield code="b">SP</subfield>
    <subfield code="d">2013-06-24</subfield>
    <subfield code="e">UBH/029/15.5.13/DPL/ZLS/RP/2013-14/1/156/15.5.13/20.5.13</subfield>
    <subfield code="g">400.00</subfield>
    <subfield code="l">0</subfield>
    <subfield code="o">332.024 KIY</subfield>
    <subfield code="p">B-524231</subfield>
    <subfield code="r">2013-06-24 00:00:00</subfield>
    <subfield code="t">1</subfield>
    <subfield code="v">400.00</subfield>
    <subfield code="w">2013-06-24</subfield>
    <subfield code="y">EN</subfield>
  </datafield>
  <datafield tag="952" ind1=" " ind2=" ">
    <subfield code="0">0</subfield>
    <subfield code="1">0</subfield>
    <subfield code="4">0</subfield>
    <subfield code="7">0</subfield>
    <subfield code="8">NFIC</subfield>
    <subfield code="a">AV</subfield>
    <subfield code="b">AV</subfield>
    <subfield code="d">2019-01-04</subfield>
    <subfield code="e">RK Books/IN2630/18-19/24-12-18/549/19-12-18/29-12-18</subfield>
    <subfield code="g">399.00</subfield>
    <subfield code="l">23</subfield>
    <subfield code="m">0</subfield>
    <subfield code="o">332.024 KIY</subfield>
    <subfield code="p">B-713041</subfield>
    <subfield code="r">2022-02-16 00:00:00</subfield>
    <subfield code="s">2022-02-16</subfield>
    <subfield code="t">1</subfield>
    <subfield code="v">399.00</subfield>
    <subfield code="y">EN</subfield>
  </datafield>
  <datafield tag="952" ind1=" " ind2=" ">
    <subfield code="0">0</subfield>
    <subfield code="1">0</subfield>
    <subfield code="4">0</subfield>
    <subfield code="7">0</subfield>
    <subfield code="8">NFIC</subfield>
    <subfield code="a">RC3</subfield>
    <subfield code="b">RC3</subfield>
    <subfield code="d">2019-01-08</subfield>
    <subfield code="e">Pansy Books/1816/04.01.2019/1339/18.12.2018/07.12.2019</subfield>
    <subfield code="g">399.00</subfield>
    <subfield code="l">9</subfield>
    <subfield code="m">3</subfield>
    <subfield code="o">320.024 KIY</subfield>
    <subfield code="p">B-713057</subfield>
    <subfield code="r">2022-02-24 00:00:00</subfield>
    <subfield code="s">2022-02-12</subfield>
    <subfield code="t">1</subfield>
    <subfield code="v">399.00</subfield>
    <subfield code="w">2019-01-08</subfield>
    <subfield code="y">EN</subfield>
  </datafield>
</record>
